[Event "47th GER-ch Blitz 2020"]
[Site "Magdeburg"]
[Date "2020.08.15"]
[Round "1.1"]
[White "Voege, Tobias"]
[Black "Donchenko, Alexander"]
[Result "0-1"]
[WhiteElo "2326"]
[BlackElo "2646"]
[Annotator "TA"]
[PlyCount "58"]
[EventDate "2020.07.28"]
[EventType "tourn"]
[EventCountry "GER"]
[SourceTitle "playchess.com"]
[Source "ChessBase"]
[SourceQuality "1"]

{[%evp 9,58,20,28,-7,34,33,34,35,18,3,19,15,22,0,28,0,-8,-2,0,-37,0,-10,0,-10,-20,-35,-27,-28,-32,-87,-91,-145,-140,-237,-237,-294,-284,-385,-371,-372,-378,-653,-651,-797,-795,-795,-795,-793,-782,-767,-766]} 1. d4 Nf6 2. c4 e6 3. Nc3 Bb4 4. Nf3 d5 5. Bg5 dxc4 6. e3 {D39: Queen's Gambit Declined: Ragozin Defence with 5 Bg5 dxc4.} c5 (6... b5 $5) 7. Bxc4 cxd4 8. exd4 {White is slightly better.} h6 $5 {[%mdl 4] [#] A promising side line.} 9. Bxf6 $146 (9. Bh4 {with more complications.} O-O 10. O-O Nc6 11. Rc1 Be7 12. Bb3) ({Predecessor:} 9. Bh4 O-O 10. O-O a6 11. Rc1 Nc6 12. Bd3 Be7 13. Bb1 g5 14. Bg3 Nh5 15. Be5 {1-0 (34) Bonath,M (1917)-Vojdani,B (1634) Dortmund 2011}) 9... Qxf6 10. O-O O-O 11. Rc1 Nc6 12. a3 Bxc3 13. Rxc3 Rd8 14. Rd3 Na5 15. Ba2 b6 $36 {[%mdl 2048] ...Ba6 is the strong threat. Black is pushing.} 16. b4 Nc6 {[%cal Ba5c6,Bc6e7,Be7f5,Bf5e3][%mdl 32] [#] Threatens to win with ...Ba6.} 17. b5 Ne7 18. Ne5 Bb7 19. Bb1 (19. g3 $15) 19... Nf5 $17 20. f4 (20. Rd2 $142) 20... Be4 21. Rd2 (21. Rc3 $17 Rxd4 22. Qe1 Bxb1 23. Qxb1) 21... Ne3 $19 22. Bxe4 {Strongly threatening Qe2.} Nxd1 23. Bxa8 Ne3 ({Weaker is} 23... Rxa8 24. Rdxd1 Qf5 25. a4 $19) 24. Re1 Qxf4 {And now ...Ng4 would win.} ({Don't play} 24... Rxa8 25. Rxe3 Qxf4 26. Rdd3 $19) 25. Bf3 $2 (25. g3 Qg5 26. Bc6) 25... Rxd4 {Black is clearly winning.} 26. Rxd4 Qxd4 27. Nc6 {[#]} Qc5 $1 {( -> ...Nd1+)} 28. Kh1 Qxa3 29. h3 g6 {Accuracy: White = 54%, Black = 82%.} 0-1

[Event "47th GER-ch Blitz 2020"]
[Site "Magdeburg"]
[Date "2020.08.15"]
[Round "1.2"]
[White "Holtel, Jasper"]
[Black "Weller, Manuel"]
[Result "1-0"]
[WhiteElo "2305"]
[BlackElo "2237"]
[Annotator "TA"]
[PlyCount "117"]
[EventDate "2020.07.28"]
[EventType "tourn"]
[EventCountry "GER"]
[SourceTitle "playchess.com"]
[Source "ChessBase"]
[SourceQuality "1"]

{[%evp 9,116,46,50,47,56,45,60,60,71,62,64,49,62,58,91,55,66,58,70,74,85,60,81,85,88,92,112,103,149,28,68,83,83,79,77,57,54,46,44,-4,50,29,25,21,20,12,12,9,12,9,11,9,160,9,210,210,212,198,205,166,29996,194,29996,235,235,233,228,184,186,118,120,78,78,78,78,79,78,80,834,826,827,797,1056,1064,926,1018,930,899,7147,7692,12843,2140,2031,1021,1517,1341,12840,6385,1384,0,12840,12840,29992,29985,29989,29987,29998,29986,29999]} 1. e4 c5 2. d4 cxd4 3. c3 d3 4. c4 Nc6 5. Nc3 d6 6. Be3 {B21: Sicilian: 2 f4 and Morra Gambit.} g6 7. Rc1 Bg7 8. Bxd3 {White is slightly better.} ({Much weaker is} 8. Qxd3 $6 f5 $11) 8... Nf6 9. h3 O-O 10. Nf3 Be6 11. O-O {[#]} Ne5 $146 ({Predecessor:} 11... Nd7 12. Ng5 Nc5 13. Be2 Bd7 14. Qd2 Qa5 15. Qc2 b6 16. Qb1 Na4 17. Nxa4 Qxa4 {0-1 (37) Stoma,P (2348)-Brodowski,P (2439) Poronin 2017}) 12. b3 Nxf3+ 13. Qxf3 Nd7 14. Qe2 Ne5 15. Rfd1 Nc6 16. Bb1 Qa5 17. Nd5 Rfe8 18. c5 Bxd5 19. Rxd5 (19. exd5 $16 Ne5 20. c6) 19... Nb4 20. Rdd1 $1 dxc5 21. Rxc5 Qa6 22. Qxa6 Nxa6 23. Rcd5 b6 24. Bd3 Nc5 (24... Nb4 $11) 25. Bxc5 e6 26. Rd7 bxc5 27. Bc4 Bd4 28. Kf1 Red8 29. Rb7 a5 30. a4 Kg7 $2 (30... Rab8 $11 31. Ra7 Ra8 32. Rxa8 Rxa8) 31. Rd3 $2 ({Only move:} 31. Bxe6 $1 $16 Rf8 32. Bd5) 31... Kf6 $2 (31... Rab8 $11 {and Black stays safe.} 32. Rc7 Rbc8) 32. Rf3+ $18 Ke5 33. Rfxf7 ({Don't play} 33. Rbxf7 $6 Rh8) 33... Rf8 34. Ke2 {f4+ would kill now.} Rab8 $2 {[#]} (34... Rxf7 $18 35. Rxf7 Kxe4 36. Rxh7 (36. Bxe6 Ke5 $16) 36... Rf8) 35. f3 $2 (35. f4+ $1 Kxe4 36. Bd3+ Kd5 37. Rfd7+ Kc6 38. Be4#) 35... h5 $2 (35... Rxb7 $18 36. Rxb7 h5) 36. Rbe7 $2 (36. f4+ $1 {mates} Kxe4 37. Bd3+ Kd5 38. Rfd7+ Kc6 39. Be4#) 36... Rxf7 37. Rxf7 {[%mdl 4096] Endgame KRB-KRB} Rg8 38. Kd3 {[#] Hoping for f4+.} g5 39. Re7 ({White should play} 39. Rh7 $18) 39... Rg6 $16 40. Ra7 g4 41. hxg4 hxg4 42. Rf7 {Strongly threatening f4+.} gxf3 43. gxf3 {f4+ is the strong threat.} Rg1 $2 {[%mdl 8192]} (43... Rg3 $16) 44. f4+ $18 Kd6 45. e5+ Kc6 46. Bxe6 Rg3+ 47. Ke4 Re3+ 48. Kf5 Rf3 49. Bc4 Be3 50. Ke4 (50. Kg4 $142 Bxf4 51. e6) 50... Rh3 51. Bd5+ Kb6 52. e6 Bd4 53. Bc4 (53. e7 $142 Re3+ 54. Kf5 Rxe7 55. Rxe7) 53... Kc6 54. Bd5+ (54. Kf5 $142 Rh5+ 55. Kg4) 54... Kb6 55. e7 {White threatens Be6 and mate.} Ka6 56. f5 {White mates.} Kb6 57. Bc4 Kc6 58. Bb5+ Kd6 59. e8=N# {Accuracy: White = 52%, Black = 51%.} 1-0

[Event "47th GER-ch Blitz 2020"]
[Site "Magdeburg"]
[Date "2020.08.15"]
[Round "1.3"]
[White "Langrock, Hannes"]
[Black "Bluebaum, Matthias"]
[Result "0-1"]
[WhiteElo "2346"]
[BlackElo "2647"]
[Annotator "TA"]
[PlyCount "64"]
[EventDate "2020.07.28"]
[EventType "tourn"]
[EventCountry "GER"]
[SourceTitle "playchess.com"]
[Source "ChessBase"]
[SourceQuality "1"]

{[%evp 12,64,25,0,14,0,0,-4,-2,0,0,-50,-47,-78,-81,-69,-77,-93,-69,-77,-56,-70,0,-60,-62,-110,-93,-202,-224,-270,-261,-322,-244,-237,-177,-334,-302,-293,-285,-533,-551,-566,-585,-793,-796,-737,-729,-1024,-1030,-1389,-1333,-2769,-2475,-29998,-29999]} 1. d4 d5 2. c4 e6 3. Nf3 Nf6 4. g3 dxc4 5. Bg2 Bb4+ 6. Bd2 a5 7. O-O O-O {E04: Open Catalan: 5 Nf3.} 8. Qc2 Bxd2 9. Nbxd2 b5 $1 {The position is equal.} 10. a4 c6 11. e4 Na6 12. e5 Nb4 13. Qb1 Nfd5 14. Ne4 h6 {[#]} 15. Nc5 $146 ({Predecessor:} 15. Qc1 Nd3 16. Qd2 Ba6 17. axb5 cxb5 18. Qxa5 b4 19. Qa2 c3 20. bxc3 bxc3 21. Rfd1 N5b4 22. Qb3 c2 23. Rf1 Bb7 24. Nd6 Rxa1 25. Rxa1 Qa8 26. Qc3 Qxa1+ 27. Qxa1 Bxf3 {0-1 (27) Blechzin,I (2350)-Demuth,A (2537) Sitges 2015}) 15... Na6 16. Ne4 $1 Nab4 17. Nc5 $1 Ba6 18. Re1 {White is now going downhill.} bxa4 19. Nd2 (19. Nxa6 $17 Rxa6 20. Bf1) 19... Nd3 $19 20. Nxd3 cxd3 21. Ne4 Qb6 22. Nc5 Rfb8 23. Nxa4 $2 {[#]} (23. Bxd5 {is a better defense.} cxd5 24. Rxa4) 23... Qxd4 24. Re4 Qa7 25. Rg4 $2 (25. Qc1 {was called for.}) 25... Rb4 26. Qd1 Rab8 27. h4 Rxg4 28. Qxg4 Rb4 29. Qh5 Qd4 30. Nc3 Rxb2 31. Ne4 Nc3 {[%mdl 64] [#] Overworked Piece} 32. Nxc3 Qxf2+ {[%mdl 64] Double Attack. Accuracy: White = 33%, Black = 91%.} 0-1

[Event "47th GER-ch Blitz 2020"]
[Site "Magdeburg"]
[Date "2020.08.15"]
[Round "1.4"]
[White "Siebrecht, Sebastian"]
[Black "Braeuning, Rudolf Wilhelm"]
[Result "0-1"]
[WhiteElo "2429"]
[BlackElo "2244"]
[Annotator "TA"]
[PlyCount "117"]
[EventDate "2020.07.28"]
[EventType "tourn"]
[EventCountry "GER"]
[SourceTitle "playchess.com"]
[Source "ChessBase"]
[SourceQuality "1"]

{[%evp 14,117,27,29,25,23,29,1,47,43,40,32,23,17,19,19,27,27,81,86,125,136,193,202,229,251,249,218,232,199,209,139,139,143,193,166,144,162,218,170,180,103,636,82,89,63,69,73,55,0,328,334,329,324,500,491,453,-32,-32,-32,-32,-27,-31,-35,-35,-82,0,0,0,-149,-15,-15,0,0,0,-397,12843,12843,12843,0,0,0,29998,-12837,0,-12412,29992,29993,29994,29991,29992,29993,29994,12845,12846,12840,12840,12841,12849,12847,12849,12850,12850,29981,27998,27998]} 1. d4 Nf6 2. Nf3 e6 3. Bg5 h6 4. Bh4 g5 5. Bg3 Ne4 6. Nbd2 Nxg3 7. hxg3 Bg7 8. c3 d6 {A46: 1 d4 Nf6 2 Nf3 e6: Torre, London and Colle Systems.} 9. e4 Nd7 10. Bc4 b6 {The position is equal.} 11. Qe2 Bb7 12. Ba6 {[#]} Qc8 $146 ({Predecessor:} 12... Bxa6 13. Qxa6 Qc8 14. Qd3 Qb7 15. O-O O-O 16. Rfe1 c5 17. Nc4 d5 18. exd5 Qxd5 {1-0 (40) Chandler,P (2161)-Rothenbacher,J (2138) Hessen 2015}) 13. Bxb7 Qxb7 14. a4 a5 15. Nc4 O-O-O (15... O-O $11) 16. O-O $16 d5 17. exd5 exd5 (17... Qxd5 $16 18. Ne3 Qb7) 18. Ne3 $1 $18 Rde8 19. Qd3 Re4 20. Nf5 Bf6 21. Nd2 Re6 22. Rfe1 h5 23. b4 Rhe8 24. Rxe6 fxe6 25. Ne3 e5 (25... axb4 $142 26. cxb4 e5) 26. Qg6 Rd8 27. Nf5 (27. bxa5 $18 exd4 28. cxd4) 27... h4 $2 {[%mdl 8192]} (27... exd4 $16 28. cxd4 axb4) 28. bxa5 $2 (28. dxe5 $18 Kb8 29. exf6) 28... hxg3 $16 29. fxg3 {aiming for dxe5.} exd4 30. cxd4 Qa6 31. axb6 (31. Nf3 $1 $14) 31... cxb6 $2 {[%mdl 8192]} (31... Qxb6 $11 {and Black is okay.} 32. Nf3 Qe6) 32. Nd6+ $18 Kb8 33. Nb5 Qa5 (33... Qa8 {was necessary.} 34. Nf3 Qc6) 34. Nf3 Qb4 {intending ...Qb3.} 35. Qf7 $2 (35. Qf5 $18) 35... g4 $1 $36 {[%cal Rg4f3][%mdl 2048] Black fights for an advantage.} 36. Ne5 $1 {[%cal Re5c6]} Bxe5 37. dxe5 Qc5+ 38. Qf2 Nxe5 39. Rf1 Nd3 ({Better is} 39... d4 $17 40. Rb1 Rd7) 40. Qxc5 $11 bxc5 {[%mdl 4096] Endgame KRN-KRN} 41. Rf7 {[#]} (41. a5 $11 {keeps the balance.}) 41... Ne5 (41... Re8 $1 $17 {Threatening ...Re6.} 42. Rf1 Re6) 42. Rc7 c4 {Hoping for ...d4.} 43. a5 {Black must now prevent a6.} Rd7 44. Rc5 $2 {[%mdl 8192]} (44. Rxd7 $11 {and White stays safe.} Nxd7 45. a6) 44... d4 $4 {[%mdl 8192]} (44... Nd3 $19 45. Rc6 Rb7) 45. Rxe5 $18 {KRN-KR} c3 46. Re1 $2 ({White should play} 46. a6 $18 Rd8 47. Re7) 46... c2 $1 $11 {And now ...d3 would win.} 47. a6 {Threatening mate with Re8+.} d3 $2 {[%mdl 8192]} (47... Rd8 $11 48. Rc1 d3) 48. a7+ $4 {[%mdl 8192] [#]} (48. Re8+ Rd8 49. Rxd8#) 48... Kb7 $2 (48... Rxa7 $1 $19 49. Nd4 Rd7) 49. Ra1 $2 {[%mdl 8192]} (49. Kf2 $11) 49... Kb6 $4 {[%mdl 8192]} (49... Ka8 $19 50. Re1 Rxa7) 50. a8=Q d2 51. Qb8+ Kc5 52. Qc8+ {[%mdl 64] Double Attack} Kb4 53. Qxd7 (53. Qc3+ $142 Kxb5 54. Ra5+ Kb6 55. Qc5+ Kb7 56. Rb5+ Ka8 57. Qf8+ Ka7 58. Qa3#) 53... c1=Q+ $18 54. Rxc1 dxc1=Q+ 55. Kf2 Qc5+ 56. Nd4 Kc4 57. Qc6 Kxd4 58. Qxc5+ {[%mdl 64] Overworked Piece} Kxc5 59. Ke3 {[%mdl 32768] Accuracy: White = 53%, Black = 46%. . Sensor Board Error (Ke4/e5)?} 0-1

[Event "47th GER-ch Blitz 2020"]
[Site "Magdeburg"]
[Date "2020.08.15"]
[Round "1.5"]
[White "Braun, Georg"]
[Black "Muranyi, Karl-Jasmin"]
[Result "1/2-1/2"]
[WhiteElo "2360"]
[BlackElo "2331"]
[Annotator "TA"]
[PlyCount "44"]
[EventDate "2020.07.28"]
[EventType "tourn"]
[EventCountry "GER"]
[SourceTitle "playchess.com"]
[Source "ChessBase"]
[SourceQuality "1"]

{[%evp 10,44,33,12,15,5,34,33,38,43,34,20,19,24,31,8,31,5,8,16,28,-32,-25,-27,-10,-21,17,0,8,8,0,-22,-28,-57,-50,-50,-44]} 1. e4 c6 2. Nc3 d5 3. Nf3 Bg4 4. h3 Bxf3 5. Qxf3 e6 6. Be2 Nf6 {B11: Caro-Kann: Two Knights Variation.} 7. O-O dxe4 8. Nxe4 Nxe4 {White is slightly better.} 9. Qxe4 Qd5 10. Bf3 (10. Qe3 {is more complex.} Bc5 11. Qb3 Bb6 12. Rd1 Qxb3 13. axb3 e5 14. b4) 10... Qxe4 11. Bxe4 Nd7 {[#]} 12. d3 $146 ({Predecessor:} 12. b4 O-O-O 13. Rb1 Be7 14. g3 h5 {½-½ (14) Stevic,H (2563)-Nisipeanu,L (2656) Zagreb 2019}) 12... Be7 13. Re1 Bf6 14. Rb1 a5 15. b3 (15. g3 $11) 15... Bc3 $15 16. Rd1 f5 17. Bf3 Ne5 18. Be2 c5 19. f4 Nc6 20. Be3 Nd4 21. Bxd4 cxd4 22. Bf3 O-O-O {Accuracy: White = 73%, Black = 87%.} 1/2-1/2

[Event "47th GER-ch Blitz 2020"]
[Site "Magdeburg"]
[Date "2020.08.15"]
[Round "1.6"]
[White "Ehmann, Thilo"]
[Black "Krause, Benedict"]
[Result "1/2-1/2"]
[WhiteElo "2329"]
[BlackElo "2425"]
[Annotator "TA"]
[PlyCount "69"]
[EventDate "2020.07.28"]
[EventType "tourn"]
[EventCountry "GER"]
[SourceTitle "playchess.com"]
[Source "ChessBase"]
[SourceQuality "1"]

{[%evp 16,69,25,23,35,-7,-12,-7,-10,-13,-12,-8,-9,-7,0,-13,36,33,37,45,51,53,62,59,60,51,48,67,55,50,50,46,50,41,33,0,50,35,45,32,29,27,34,18,20,4,4,4,26,0,0,0,0,0,0,0]} 1. e4 c5 2. Nf3 e6 3. d4 cxd4 4. Nxd4 Nc6 5. Nc3 Qc7 6. Be3 a6 7. Qd2 Nf6 8. O-O-O Bb4 9. f3 Ne7 {B48: Sicilian: Taimanov: 5 Nc3 Qc7 6 Be3 a6 without Be2.} 10. Qe1 Bxc3 11. Qxc3 Qxc3 12. bxc3 d5 13. e5 Nd7 14. f4 $36 {[%mdl 2048] White fights for an advantage.} b6 {[#]} 15. Bd3 $146 ({Predecessor:} 15. Be2 Bb7 16. Nb3 Rc8 17. Kb2 Nc5 18. Nxc5 bxc5 19. Rhe1 O-O 20. g3 Rc7 21. Bf2 {0-1 (32) Chumfwa,S (2317)-Zaibi,A (2367) Casablanca 2019}) 15... Bb7 16. f5 Nxe5 17. fxe6 Nxd3+ 18. cxd3 {exf7+ is the strong threat.} O-O 19. Rhf1 Rae8 20. exf7+ Rxf7 21. Rxf7 Kxf7 22. Rf1+ Kg8 $1 23. Kd2 b5 24. Rb1 Bc8 25. Rf1 Bd7 26. a3 Nc6 27. Nxc6 Bxc6 $14 {[%mdl 4096] Endgame KRB-KRB} 28. Bd4 Rf8 29. Re1 Re8 30. Re5 Rxe5 31. Bxe5 d4 32. Bxd4 Bxg2 {The position is equal.} 33. Be5 g6 34. Ke3 Kf7 35. Kf4 {Accuracy: White = 83%, Black = 90%.} 1/2-1/2

[Event "47th GER-ch Blitz 2020"]
[Site "Magdeburg"]
[Date "2020.08.15"]
[Round "1.7"]
[White "Baskin, Robert"]
[Black "Stein, Robert"]
[Result "1-0"]
[WhiteElo "2390"]
[BlackElo "2325"]
[Annotator "TA"]
[PlyCount "113"]
[EventDate "2020.07.28"]
[EventType "tourn"]
[EventCountry "GER"]
[SourceTitle "playchess.com"]
[Source "ChessBase"]
[SourceQuality "1"]

{[%evp 22,113,15,18,37,0,29,20,33,27,23,2,17,-23,-14,-74,-20,-10,33,14,58,53,72,67,135,144,230,206,212,112,125,104,128,23,29,0,23,0,16,8,8,10,12,-55,25,20,8,-52,-51,-120,-15,-204,-236,-297,-83,-72,-32,-46,0,0,0,0,27,36,41,46,416,29,1190,136,136,136,136,136,537,649,626,642,712,652,628,577,535,289,12844,12834,12833,12834,12834,12833,1963,727,12840,12841]} 1. e4 e5 2. Nf3 Nc6 3. Bb5 a6 4. Ba4 Nf6 5. O-O Be7 6. Re1 b5 7. Bb3 d6 8. c3 O-O 9. h3 Nb8 10. d4 Nbd7 11. c4 c6 12. Nc3 b4 {C95: Closed Ruy Lopez: Breyer Variation with 10 d4.} 13. Ne2 c5 14. dxe5 Nxe5 {The position is equal.} 15. Nxe5 dxe5 {[#]} 16. Qc2 $146 ({Predecessor:} 16. Ng3 a5 17. Nf5 Bxf5 18. Qxd8 Rfxd8 19. exf5 a4 20. Bc2 e4 21. g4 h6 22. Be3 {1-0 (45) Volokitin,A (2627)-Erenberg,A (2463) Douglas 2019}) 16... Nh5 17. Be3 Qb6 18. g4 (18. Ba4 $11 {keeps the balance.}) 18... Nf6 (18... Qf6 $17) 19. Ng3 Be6 20. Rad1 Rad8 21. g5 Nd7 22. Nf5 Bxf5 ({Black should try} 22... Rfe8 $14) 23. exf5 $16 Nb8 (23... f6 $16 {keeps fighting.}) 24. Ba4 Nc6 {[#]} 25. Qe4 ({White should play} 25. f6 $1 $18 {[%mdl 512]} Bd6 (25... gxf6 26. Qf5) 26. fxg7 Kxg7 27. Qf5 (27. Bxc6 Qxc6 28. Rd5 Qc8 $16)) 25... Nd4 26. Bxd4 cxd4 27. h4 ({Weaker is} 27. Qxe5 Bxg5 28. Bc2 Bf6 $15) (27. f6 $1 $16 {[%cal Rf6e7]} gxf6 28. Bc2) 27... f6 $11 28. Bc6 Kh8 29. Bd5 fxg5 30. hxg5 Bxg5 31. Qxe5 Qh6 32. Re4 (32. Qe4 $11) 32... Bf6 (32... Qh5 $1 $15 33. Rf1 d3) 33. Qg3 Qh5 $132 {[%mdl 2048] Black puts up resistance} 34. Rde1 (34. Qg4 $11 Qxg4+ 35. Rxg4) 34... Qxf5 $15 35. Rf4 (35. Qf4 $15 Qh5 36. Qg4 Qxg4+ 37. Rxg4) 35... Qh5 (35... Qc2 $17 {Threatens to win with ...d3.} 36. Be4 Qxc4) 36. Rg4 $2 {[#]} (36. Kg2 $11 {and White is okay.}) 36... d3 $1 $19 {[%mdl 512] Hoping for ...d2.} 37. Rd1 {[#]} (37. Qxd3 Qxg4+) 37... Bxb2 $2 (37... Bd4 $1 $19 {[%cal Rd4f2][%mdl 512] has better winning chances.} 38. Rf1 (38. Rxd4 Qxd1+) 38... Bc5) 38. Rxd3 $17 Qf5 39. Rf3 Qb1+ 40. Kg2 Rxf3 41. Bxf3 {Black must now prevent Be4.} Bf6 ({But not} 41... Qxa2 $6 42. Be4 $16) 42. c5 Qc2 43. c6 Rf8 $2 {[%mdl 8192]} (43... Qc5 $1 $14) 44. Rf4 $2 ({Better is} 44. Rxb4 $18 Bd8 45. Rb8) 44... Rc8 $2 {[%mdl 8192]} (44... Qc5 $11) 45. Qg4 $2 (45. Be4 $18 {and the rest is easy.} Qc3 46. Rf3) 45... Rxc6 $16 46. Bxc6 Qxc6+ {[%mdl 4096] Endgame KQR-KQB} 47. Qf3 Qc8 $2 {[%mdl 8192]} (47... Qxf3+ $16 {is tougher.} 48. Kxf3 a5) 48. Rxb4 $18 h6 49. Qe4 Kg8 50. Rc4 Qd7 51. Rc6 a5 52. Ra6 Qc7 $2 (52... Bd8 53. Ra8 Kf7) 53. Qe6+ {White is clearly winning.} Kh7 54. Qf5+ Kg8 55. Qd5+ Kh7 56. Rxa5 (56. Qd3+ $142 Kg8 57. Qd5+ Kf8 58. Ra8+ Ke7 59. Qe4+ Kd7 60. Qe8+ Kd6 61. Ra6+ Kd5 62. Qe6+ Kc5 63. Qe3+ Kd5 64. Qd3+ Bd4 65. Qb3+ Qc4 {[#]} 66. Rd6+ $1 {[%mdl 576] Deflection} Kxd6 67. Qxc4) 56... Qf4 57. Qf5+ {Both players deserved the win here. Accuracy: White = 45%, Black = 39%.} 1-0

[Event "47th GER-ch Blitz 2020"]
[Site "Magdeburg"]
[Date "2020.08.15"]
[Round "1.8"]
[White "Barzen, Pascal"]
[Black "Schoewel, Matthias"]
[Result "1-0"]
[WhiteElo "2321"]
[BlackElo "2218"]
[Annotator "TA"]
[PlyCount "68"]
[EventDate "2020.07.28"]
[EventType "tourn"]
[EventCountry "GER"]
[SourceTitle "playchess.com"]
[Source "ChessBase"]
[SourceQuality "1"]

{[%evp 18,68,64,65,83,60,70,43,64,74,75,56,93,42,86,79,96,90,99,0,0,0,0,0,346,349,497,312,500,358,494,446,746,731,1626,1744,2730,2677,2289,2289,1886,0,1169,721,718,624,714,634,640,636,29984,29985,29994]} 1. e4 e5 2. Nf3 Nc6 3. Bb5 d6 4. O-O Nf6 5. Re1 Be7 6. c3 O-O 7. h3 h6 8. d4 Bd7 9. Nbd2 exd4 10. cxd4 Nh7 {[#] C66: Ruy Lopez: Steinitz Defence.} 11. Bd3 $146 ({Predecessor:} 11. Bc4 Ng5 12. a3 Nxf3+ 13. Nxf3 Bf6 14. Rb1 Qc8 15. b4 a6 16. Bb2 Nd8 17. e5 Be7 18. Rc1 dxe5 19. Nxe5 {1-0 (27) Aziz Ortego,O (2139)-Alvarez Escudero,M (1835) Madrid 2011}) 11... Ng5 12. d5 Ne5 {White is slightly better.} 13. Nxe5 dxe5 14. Nc4 Bd6 15. Kh1 (15. Bd2 $16) 15... Qf6 16. f4 Nxh3 17. gxh3 {Hoping for Qh5.} Qh4 {[#]} 18. f5 (18. Re3 $1 $16 {Black must now prevent f5.} Bxh3 19. Qe1) 18... Qxh3+ $11 19. Kg1 Qg3+ 20. Kf1 {Threatens to win with Re3.} g6 $2 {[%mdl 8192] [#]} (20... Qh3+ $11 {and Black is okay.} 21. Kg1 Qg3+ 22. Kh1 Qh3+ 23. Kg1) 21. Re3 $1 $18 {[%cal Re3g3]} Qh4 (21... Qh2 $142 22. Qf3 a6) 22. Nxd6 ({Less strong is} 22. Qf3 Bc5 $18) 22... cxd6 $2 (22... Qh1+ 23. Ke2 Qh2+ 24. Ke1 Qh4+ 25. Kf1 Qh1+ 26. Ke2 Qh2+ 27. Ke1 Qh4+ 28. Ke2 Qh2+) 23. Qf3 Rac8 24. Bd2 Rce8 (24... Ba4 $142 25. b3 Bd7) 25. Qg2 Kg7 26. Rh3 Qf6 27. Bxh6+ Kg8 28. Bg5 Qg7 29. Bh6 Qf6 30. Bxf8 Kxf8 31. Kg1 Ke7 32. Kh2 gxf5 33. exf5 Rg8 34. Qxg8 Bc8 {Accuracy: White = 54%, Black = 37%.} 1-0

[Event "47th GER-ch Blitz 2020"]
[Site "Magdeburg"]
[Date "2020.08.15"]
[Round "1.9"]
[White "Wichmann, Cliff"]
[Black "Berger, Steve"]
[Result "1-0"]
[WhiteElo "2305"]
[BlackElo "2408"]
[Annotator "TA"]
[PlyCount "41"]
[EventDate "2020.07.28"]
[EventType "tourn"]
[EventCountry "GER"]
[SourceTitle "playchess.com"]
[Source "ChessBase"]
[SourceQuality "1"]

{[%evp 9,41,-33,64,66,79,83,75,79,139,90,76,39,28,21,33,31,24,-79,-79,-115,-115,-110,-115,-114,-114,-108,-112,-94,-99,-96,1132,1129,1076,1035]} 1. d4 d5 2. Nf3 Nf6 3. Bf4 c5 4. c3 Nc6 5. dxc5 a5 (5... e6 $15) 6. Na3 $14 {Hoping for Nb5. D02: 1 d4 d5 2 Nf3 sidelines, including 2...Nf6 3 g3 and 2...Nf6 3 Bf4.} Bg4 7. Ne5 {[#]} Bf5 $146 ({Predecessor:} 7... Bd7 8. e3 e6 9. Nb5 Nxe5 10. Bxe5 Rc8 11. Nd6+ Bxd6 12. cxd6 O-O 13. Qd4 Ne8 {½-½ (49) Olbrich,M (2285)-Lutz,A (2235) Germany 1995}) 8. e3 {White is better.} e6 (8... Nd7 $142) 9. Bb5 Rc8 10. Qa4 {[%cal Re5c6]} Bxc5 11. Nxc6 bxc6 12. Bxc6+ Ke7 13. Bb7 (13. Bb5 $11 {remains equal.}) 13... Qb6 $1 $17 {[%csl LRb2,LRb7][%mdl 64] [#] Double Attack} 14. Bxc8 Qxb2 {[%mdl 64] Double Attack} 15. O-O {Threatens to win with Qc6.} Rxc8 16. Nb5 {[%cal Ba3b5,Bb5d4,Bd4c6][%mdl 32]} Bd3 $1 {[%csl LRb5,LRf1][%mdl 64] Double Attack} 17. Nd4 Bxf1 18. Rxf1 Qxc3 19. Be5 Ne4 $2 {[%mdl 8192]} (19... Bxd4 $17 20. Bxd4 Qb4 21. Qxb4+ axb4) 20. Nc6+ $18 {[%mdl 64] [#] Discovered Attack} Rxc6 21. Bxc3 {Accuracy: White = 60%, Black = 59%.} 1-0

[Event "47th GER-ch Blitz 2020"]
[Site "Magdeburg"]
[Date "2020.08.15"]
[Round "1.10"]
[White "Zelbel, Patrick"]
[Black "Kopylov, Michael"]
[Result "1-0"]
[WhiteElo "2448"]
[BlackElo "2407"]
[Annotator "TA"]
[PlyCount "59"]
[EventDate "2020.07.28"]
[EventType "tourn"]
[EventCountry "GER"]
[SourceTitle "playchess.com"]
[Source "ChessBase"]
[SourceQuality "1"]

{[%evp 15,59,22,60,37,68,63,59,59,61,37,51,37,40,35,64,47,51,8,9,14,44,31,61,62,120,77,78,77,73,41,92,37,37,0,0,9,267,279,310,193,373,378,361,-366,1371,1310]} 1. e4 Nf6 2. e5 Nd5 3. d4 d6 4. c4 Nb6 5. exd6 exd6 6. Nc3 Be7 7. Bd3 Nc6 8. Nge2 Bg4 9. Be3 {B03: Alekhine's Defence: Four Pawns Attack.} Bf6 10. f3 Bh5 11. O-O {White is slightly better.} Bg6 12. Nf4 O-O 13. b3 Re8 14. Bf2 a5 {[#]} 15. Bxg6 $146 ({Predecessor:} 15. Be4 a4 16. Nxg6 hxg6 17. Qd2 Qd7 18. Rab1 axb3 19. axb3 Ra6 20. Ra1 Rea8 21. Rxa6 Rxa6 {½-½ (46) MacKinnon,K (2183)-Smith,A Victoria 2012}) 15... hxg6 16. Ncd5 Nxd5 17. Nxd5 a4 18. b4 a3 19. Qd3 Ra4 (19... Nb8 $14) 20. Rab1 Ne7 21. Nxf6+ gxf6 22. Rfe1 Nc6 {[#]} (22... d5 $14) 23. b5 ({White should try} 23. d5 $1 $16 {[%cal Rd5c6]} Nxb4 24. Qd1) 23... Na5 $14 24. Rxe8+ Qxe8 25. c5 $36 {[%mdl 2048] aiming for Qd1. White has the initiative.} Qe6 $2 {[%mdl 8192]} (25... Kg7 $11) 26. d5 $18 Qe5 27. c6 b6 $2 (27... bxc6 {might work better.} 28. dxc6 Rc4) 28. Re1 Qb2 {[#]} 29. Qe3 $4 {[%mdl 8192]} (29. Bxb6 $1 $18 {[%mdl 512] was the only winning move.} Nc4 (29... cxb6 30. c7) 30. Bxc7) 29... Qxa2 $4 {[%mdl 8192]} (29... Kg7 $19 30. Qe2 Rc4) 30. Qh6 {Accuracy: White = 56%, Black = 28%.} 1-0